00301nam a2200109Ia 4500008004000000082001600040100002200056245003800078260005400116300001200170650000900182210210b2004 xxu||||| |||| 00| 0 eng d a793.73 KRIA aKRISHNAKUMAR (S). aAddone super quiz the top scorer. aThiruvananthapurambAddone publishing groupc2004 axxi,584 aQuiz